Arquitectura escrita (Record no. 176771)

MARC details
000 -LEADER
campo de control de longitud fija 00847nam a22002055i 4500
001 - NÚMERO DE CONTROL
campo de control 176771
003 - IDENTIFICADOR DE NÚMERO DE CONTROL
campo de control ES-MaACL
005 - FECHA Y HORA DE LA ÚLTIMA TRANSACCIÓN
campo de control 20251201163840.0
008 - DATOS DE LONGITUD FIJA--INFORMACIÓN GENERAL
campo de control de longitud fija 110209s2010 sp ao |||| | spa d
020 ## - NÚMERO INTERNACIONAL ESTÁNDAR DEL LIBRO
Número Internacional Estándar del Libro 978-84-87619-17-5
080 ## - NÚMERO DE LA CLASIFICACIÓN DECIMAL UNIVERSAL
Número de la Clasificación Decimal Universal 72:82(083.824)
245 00 - MENCIÓN DEL TÍTULO
Título Arquitectura escrita
Resto del título : [catálogo de la exposición organizada por la Sociedad Estatal de Conmemoraciones Culturales (SECC), el Círculo de Bellas Artes y el Parque de las Ciencias de Granada] /
Mención de responsabilidad, etc. Juan Calatrava y Winfried Nerdinger (eds.).
260 ## - PUBLICACIÓN, DISTRIBUCIÓN, ETC.
Lugar de publicación, distribución, etc. Madrid :
Nombre del editor, distribuidor, etc. Círculo de Bellas Artes,
Fecha de publicación, distribución, etc. D. L. 2010.
300 ## - DESCRIPCIÓN FÍSICA
Extensión 317 p. :
Otras características físicas il. col. y n. ;
Dimensiones 25 cm.
650 #4 - PUNTO DE ACCESO ADICIONAL DE MATERIA--TÉRMINO DE MATERIA
Término de materia o nombre geográfico como elemento de entrada Arquitectura y literatura-
Subdivisión de forma Exposiciones.
9 (RLIN) 145107
700 1# - ENTRADA AGREGADA--NOMBRE PERSONAL
Nombre de persona Calatrava, Juan,
Fechas asociadas al nombre 1957-
9 (RLIN) 145104
700 1# - ENTRADA AGREGADA--NOMBRE PERSONAL
Nombre de persona Nerdinger, Winfried.
9 (RLIN) 145105
852 ## - LOCALIZACIÓN
Ubicación ES-MaACL
Número de control de estantería E-14221
Holdings
Estatus retirado Estado de pérdida Estado de daño No para préstamo Biblioteca de origen Biblioteca actual Ubicación en estantería Fecha de adquisición Fuente de adquisición Total de préstamos Signatura topográfica completa Código de barras Visto por última vez Precio de reemplazo Tipo de ítem Koha
        Biblioteca del Ateneo de Madrid Biblioteca del Ateneo de Madrid Depósito 2 09/02/2011     E-14221 1185663 23/02/2023 23/02/2023 Libro impreso